[Event "CHN-chT (Women)"]
[Site "Qingdao"]
[Date "2024.04.09"]
[Round "8.1"]
[White "Chen, Yining"]
[Black "Ni, Shiqun"]
[Result "1/2-1/2"]
[WhiteElo "2363"]
[BlackElo "2320"]
[PlyCount "149"]
[EventDate "2024.04.02"]
[EventType "team-swiss"]
[EventRounds "9"]
[EventCountry "CHN"]
[SourceTitle "CB16_2024"]
[SourceDate "2024.04.17"]
[SourceVersion "1"]
[SourceVersionDate "2024.04.17"]
[SourceQuality "1"]
[WhiteTeam "Guangdong (W)"]
[BlackTeam "Shanghai (W)"]
[WhiteTeamCountry "CHN"]
[BlackTeamCountry "CHN"]

1. d4 Nf6 2. c4 e6 3. Nf3 b6 4. a3 Bb7 5. Nc3 d5 6. cxd5 Nxd5 7. Qc2 Nxc3 8. bxc3 Nd7 9. e4 c5 10. Bd3 Qc7 11. Bb2 Be7 12. Qe2 0-0 13. 0-0 Rac8 14. Rfe1 Rfd8 15. Rad1 h6 16. h3 a6 17. Bb1 c4 18. e5 Nf8 19. Nh2 Qc6 20. f4 Ng6 21. Rf1 Nh4 22. Nf3 g6 23. Nxh4 Bxh4 24. Rd2 h5 25. Qe3 a5 26. Re2 b5 27. f5 exf5 28. Qf4 Be7 29. e6 fxe6 30. Qh6 e5 31. dxe5 Bf8 32. Qg5 Kh7 33. e6 Qc5+ 34. Kh1 Qe7 35. Qe3 Bh6 36. Qb6 Rc5 37. Bc1 Bxc1 38. Rxc1 Rcd5 39. Qg1 Qh4 40. Qe1 Qg5 41. e7 Re8 42. Qg1 Rxe7 43. Rxe7+ Qxe7 44. Re1 Re5 45. Rxe5 Qxe5 46. Qb6 Qd5 47. Qc7+ Kh6 48. Qf4+ g5 49. Qf2 f4 50. Qc2 Qd3 51. Qxd3 cxd3 52. Bxd3 Bc6 53. Bf5 Kg7 54. Kg1 Kf6 55. Bd3 g4 56. h4 g3 57. Be2 Be8 58. Kf1 Ke5 59. Bd3 Bd7 60. Bg6 Bg4 61. Be8 Ke4 62. Bxb5 Ke3 63. Kg1 Kd2 64. c4 Be2 65. Be8 Bxc4 66. Bxh5 Kc3 67. Bg6 Kd4 68. h5 Ke5 69. h6 Kf6 70. h7 Kg7 71. Be4 Bb5 72. Kh1 Bc4 73. Kg1 Bb5 74. Kh1 Bc4 75. Kg1 1/2-1/2

[Event "CHN-chT (Women)"]
[Site "Qingdao"]
[Date "2024.04.07"]
[Round "6.1"]
[White "Chen, Yining"]
[Black "Yan, Tianqi"]
[Result "1/2-1/2"]
[WhiteElo "2363"]
[BlackElo "2303"]
[PlyCount "44"]
[EventDate "2024.04.02"]
[EventType "team-swiss"]
[EventRounds "9"]
[EventCountry "CHN"]
[SourceTitle "CB16_2024"]
[SourceDate "2024.04.17"]
[SourceVersion "1"]
[SourceVersionDate "2024.04.17"]
[SourceQuality "1"]
[WhiteTeam "Guangdong (W)"]
[BlackTeam "Hangzhou (W)"]
[WhiteTeamCountry "CHN"]
[BlackTeamCountry "CHN"]

1. d4 Nf6 2. c4 e6 3. Nf3 b6 4. a3 Bb7 5. Nc3 d5 6. cxd5 Nxd5 7. Qc2 Be7 8. e4 Nxc3 9. bxc3 0-0 10. Bd3 c5 11. 0-0 Nc6 12. Bb2 Rc8 13. Qe2 Na5 14. Rfd1 Qc7 15. Qe3 Rfd8 16. Rac1 h6 17. h4 Nb3 18. Rb1 Na5 19. Rbc1 Nb3 20. Rb1 Na5 21. Rbc1 Nb3 22. Rb1 Na5 1/2-1/2

[Event "CHN-chT (Women)"]
[Site "Qingdao"]
[Date "2024.04.04"]
[Round "3.1"]
[White "Zhai, Mo"]
[Black "Chen, Yining"]
[Result "1-0"]
[WhiteElo "2342"]
[BlackElo "2363"]
[PlyCount "93"]
[EventDate "2024.04.02"]
[EventType "team-swiss"]
[EventRounds "9"]
[EventCountry "CHN"]
[SourceTitle "CB16_2024"]
[SourceDate "2024.04.17"]
[SourceVersion "1"]
[SourceVersionDate "2024.04.17"]
[SourceQuality "1"]
[WhiteTeam "Hebei (W)"]
[BlackTeam "Guangdong (W)"]
[WhiteTeamCountry "CHN"]
[BlackTeamCountry "CHN"]

1. d4 d5 2. Nc3 Nf6 3. Bf4 e6 4. Nb5 Bb4+ 5. c3 Ba5 6. a4 a6 7. Na3 c6 8. e3 Bc7 9. Bd3 Nbd7 10. Nf3 h6 11. 0-0 c5 12. Rc1 0-0 13. Bb1 b6 14. Nc2 Re8 15. Ne5 Nxe5 16. dxe5 Nd7 17. Qh5 g6 18. Qxh6 Bxe5 19. Bxe5 Nxe5 20. e4 Ng4 21. Qh3 e5 22. exd5 e4 23. Qg3 Qxd5 24. Rcd1 Qe5 25. Qxe5 Nxe5 26. Ne3 Bb7 27. Rd6 b5 28. axb5 axb5 29. Rb6 Bc6 30. Ng4 Nxg4 31. Rxc6 c4 32. h3 Ne5 33. Bxe4 Ra2 34. Rc7 Rxb2 35. f4 Nd3 36. Bd5 Rf8 37. f5 g5 38. h4 Nf4 39. Bb7 Ne2+ 40. Kh2 gxh4 41. f6 Ng3 42. Rf4 Nh5 43. Rf5 Ng3 44. Rf4 Nh5 45. Rg4+ Kh7 46. Rc5 Nxf6 47. Be4+ 1-0

[Event "CHN-chT (Women)"]
[Site "Qingdao"]
[Date "2024.04.02"]
[Round "1.1"]
[White "Xu, Tong"]
[Black "Chen, Yining"]
[Result "1/2-1/2"]
[WhiteElo "2100"]
[BlackElo "2363"]
[PlyCount "150"]
[EventDate "2024.04.02"]
[EventType "team-swiss"]
[EventRounds "9"]
[EventCountry "CHN"]
[SourceTitle "CB16_2024"]
[SourceDate "2024.04.17"]
[SourceVersion "1"]
[SourceVersionDate "2024.04.17"]
[SourceQuality "1"]
[WhiteTeam "Shenzhen (W)"]
[BlackTeam "Guangdong (W)"]
[WhiteTeamCountry "CHN"]
[BlackTeamCountry "CHN"]

1. e4 c6 2. d4 d5 3. exd5 cxd5 4. Bd3 Nf6 5. c3 Bg4 6. Ne2 Nc6 7. Bf4 e6 8. Qb3 Bxe2 9. Bxe2 Qd7 10. 0-0 Be7 11. Nd2 0-0 12. Rfe1 h6 13. Bg3 a6 14. a4 Bd6 15. Bd3 Bxg3 16. hxg3 Qd6 17. Nf3 Nd7 18. Rad1 Rac8 19. Bb1 Rb8 20. Qc2 g6 21. Nh4 Ne7 22. Qe2 Kg7 23. Nf3 b5 24. axb5 axb5 25. b4 Rfc8 26. Rc1 Rc7 27. Bd3 Rbc8 28. Qd2 Qb6 29. g4 Ra7 30. Qe2 Rb7 31. Nd2 Ng8 32. Nb3 Ngf6 33. Nc5 Nxc5 34. bxc5 Qa5 35. Qe5 Qc7 36. f3 Qxe5 37. Rxe5 Ra8 38. Re2 Ne8 39. Rb2 Nc7 40. Kf2 Ra3 41. Ke2 Ra4 42. Rcb1 Ra5 43. Ke3 Kf6 44. g3 Rb8 45. Rb3 e5 46. f4 exd4+ 47. cxd4 Ke7 48. Kd2 Ra2+ 49. R3b2 Rxb2+ 50. Rxb2 b4 51. Rb3 Kd7 52. f5 gxf5 53. gxf5 Ke7 54. Ke3 Ne8 55. Kf4 Nf6 56. g4 Ne8 57. Be2 Nf6 58. Bd3 Ne8 59. Be2 Nf6 60. Bf3 Kd7 61. Ke5 Ke7 62. Bxd5 Nxg4+ 63. Kf4 Nf6 64. Bc6 Rc8 65. Bf3 Rb8 66. d5 Rb5 67. d6+ Kd7 68. Ke5 Ne8 69. Kd4 Nxd6 70. cxd6 Kxd6 71. Be4 Rb8 72. Bd5 Rb5 73. Be4 Rb8 74. Rh3 Rh8 75. Bd5 Ke7 1/2-1/2

[Event "Budapest Vezerkepzo IM 11"]
[Site "Budapest"]
[Date "2023.11.18"]
[Round "3"]
[White "Chen, Yining"]
[Black "Rosh, Jain"]
[Result "1/2-1/2"]
[WhiteElo "2130"]
[BlackElo "2248"]
[PlyCount "60"]
[EventDate "2023.11.16"]
[EventType "tourn"]
[EventRounds "9"]
[EventCountry "HUN"]
[SourceTitle "CB48_2023"]
[SourceDate "2023.11.29"]
[SourceVersion "1"]
[SourceVersionDate "2023.11.29"]
[SourceQuality "1"]

1. d4 Nf6 2. c4 e6 3. Nf3 d5 4. Nc3 Be7 5. Bf4 0-0 6. e3 b6 7. cxd5 Nxd5 8. Nxd5 Qxd5 9. a3 c5 10. dxc5 Qxc5 11. Rc1 Qa5+ 12. Qd2 Qxd2+ 13. Nxd2 Na6 14. b4 Bb7 15. Bb5 Rac8 16. Ke2 Nb8 17. f3 Nc6 18. Nb3 a6 19. Bd3 a5 20. bxa5 Nxa5 21. Nxa5 bxa5 22. a4 Bb4 23. e4 Rfd8 24. Rxc8 Rxc8 25. Rc1 Rxc1 26. Bxc1 Kf8 27. Bb5 e5 28. Be3 Ke7 29. Bb6 Kd6 30. Kd3 Bc8 1/2-1/2

[Event "Budapest Vezerkepzo IM 11"]
[Site "Budapest"]
[Date "2023.11.17"]
[Round "2"]
[White "Pacher, Milan"]
[Black "Chen, Yining"]
[Result "1-0"]
[WhiteElo "2388"]
[BlackElo "2130"]
[PlyCount "73"]
[EventDate "2023.11.16"]
[EventType "tourn"]
[EventRounds "9"]
[EventCountry "HUN"]
[SourceTitle "CB48_2023"]
[SourceDate "2023.11.29"]
[SourceVersion "1"]
[SourceVersionDate "2023.11.29"]
[SourceQuality "1"]

1. e4 e5 2. Nf3 Nc6 3. d4 exd4 4. Nxd4 Qf6 5. Nf3 Qg6 6. Nc3 Bb4 7. Bd2 d6 8. Nb5 Qxe4+ 9. Be2 Bxd2+ 10. Qxd2 Qe7 11. 0-0-0 Be6 12. Nfd4 a6 13. Nxc6 bxc6 14. Qc3 Kd7 15. Nd4 Qg5+ 16. Kb1 Ne7 17. Bf3 Bd5 18. Rhe1 Bxf3 19. Nxf3 Qf6 20. Ne5+ Kc8 21. Qh3+ Nf5 22. Nxc6 Kd7 23. Ne5+ Kc8 24. Ng4 Qg5 25. f4 Qh4 26. Qf3 Rb8 27. b3 h5 28. Ne3 Nxe3 29. Rxe3 Qg4 30. Qf1 Kb7 31. Rd4 Qf5 32. Re7 Rbc8 33. Rxd6 Qa5 34. Re5 Qa3 35. Qf3+ c6 36. Re7+ Kb8 37. Qe3 1-0

[Event "Budapest FS11 IM"]
[Site "Budapest"]
[Date "2023.11.13"]
[Round "8"]
[White "Chen, Yining"]
[Black "Smith, Bryan G"]
[Result "0-1"]
[WhiteElo "2130"]
[BlackElo "2396"]
[PlyCount "60"]
[EventDate "2023.11.04"]
[EventType "tourn"]
[EventRounds "9"]
[EventCountry "HUN"]
[SourceTitle "CB47_2023"]
[SourceDate "2023.11.22"]
[SourceVersion "1"]
[SourceVersionDate "2023.11.22"]
[SourceQuality "1"]

1. d4 Nf6 2. c4 g6 3. Nc3 Bg7 4. e4 d6 5. f3 0-0 6. Be3 c5 7. d5 e6 8. Qd2 exd5 9. cxd5 a6 10. a4 Re8 11. Nge2 Nbd7 12. Nc1 Nh5 13. g4 Ne5 14. Be2 Qh4+ 15. Kd1 Nxf3 16. Bxf3 Bxg4 17. Bxg4 Bxc3 18. Qxc3 Qxg4+ 19. Kd2 Qxe4 20. Re1 Nf4 21. Bf2 Qxd5+ 22. Kc2 Qg2 23. Qd2 Rxe1 24. Bxe1 Qe4+ 25. Kb3 Re8 26. Bg3 Qf3+ 27. Ka2 Nd5 28. b3 Nb4+ 29. Kb2 d5 30. Rb1 b5 0-1

[Event "Budapest FS11 IM"]
[Site "Budapest"]
[Date "2023.11.05"]
[Round "2"]
[White "Chen, Yining"]
[Black "Tan, Jun Ying"]
[Result "1/2-1/2"]
[WhiteElo "2130"]
[BlackElo "2326"]
[PlyCount "81"]
[EventDate "2023.11.04"]
[EventType "tourn"]
[EventRounds "9"]
[EventCountry "HUN"]
[SourceTitle "CB47_2023"]
[SourceDate "2023.11.22"]
[SourceVersion "1"]
[SourceVersionDate "2023.11.22"]
[SourceQuality "1"]

1. d4 g6 2. c4 Bg7 3. Nc3 d6 4. e4 e5 5. d5 a5 6. Be3 Na6 7. Bd3 Bd7 8. Qd2 f5 9. f3 Bh6 10. Bxh6 Qh4+ 11. g3 Qxh6 12. Qxh6 Nxh6 13. Nge2 Nc5 14. Bc2 0-0 15. 0-0 g5 16. Rae1 fxe4 17. Nxe4 Nxe4 18. Bxe4 Bh3 19. Rf2 Rf7 20. Nc1 Nf5 21. Bxf5 Rxf5 22. Re3 Raf8 23. Nd3 R5f7 24. f4 exf4 25. gxf4 g4 26. Rfe2 c6 27. dxc6 bxc6 28. Re6 Rf6 29. Rxf6 Rxf6 30. Kf2 Kf7 31. c5 dxc5 32. Ne5+ Kg7 33. Kg3 h5 34. Rc2 h4+ 35. Kxh4 Rxf4 36. Rxc5 Rf2 37. Nxg4 Bxg4 38. Kxg4 Rxb2 39. Rxa5 Rxh2 40. Rc5 Rxa2 41. Rxc6 1/2-1/2

[Event "Budapest SixDays 09 IM-A"]
[Site "Budapest"]
[Date "2023.09.22"]
[Round "8"]
[White "Chen, Yining"]
[Black "Pulpan, Jakub"]
[Result "0-1"]
[WhiteElo "1891"]
[BlackElo "2399"]
[PlyCount "154"]
[EventDate "2023.09.18"]
[EventType "tourn"]
[EventRounds "9"]
[EventCountry "HUN"]
[SourceTitle "EXT 2024"]
[Source "ChessBase"]
[SourceDate "2023.10.10"]
[SourceVersion "1"]
[SourceVersionDate "2023.10.10"]
[SourceQuality "1"]

1. d4 Nf6 2. c4 e6 3. Nf3 b6 4. a3 Bb7 5. Nc3 d5 6. Bg5 Be7 7. e3 0-0 8. cxd5 exd5 9. Bd3 c5 10. Bf4 a6 11. dxc5 bxc5 12. 0-0 Nbd7 13. h3 Rc8 14. Rc1 Re8 15. Re1 Bf8 16. Bc2 Qb6 17. Bf5 Red8 18. Ne5 g6 19. Na4 Qa7 20. Nxd7 Nxd7 21. Bxd7 Rxd7 22. Qb3 Bc6 23. Qc2 Bb7 24. Qb3 Rc6 25. Red1 d4 26. Qc4 Rc8 27. f3 a5 28. Nc3 Qb6 29. a4 Qxb2 30. Ne4 Bxe4 31. fxe4 Qb7 32. exd4 Qxe4 33. d5 Qf5 34. d6 Qf6 35. Qb5 Rcd8 36. Bg3 Bxd6 37. Bxd6 Rxd6 38. Rxd6 Rxd6 39. Qxa5 Rc6 40. Qc3 Qxc3 41. Rxc3 Kf8 42. a5 Ke7 43. a6 Kd6 44. Ra3 Rc8 45. Kf2 Kc6 46. Ke3 Kb6 47. Kd3 Rd8+ 48. Kc4 Rd4+ 49. Kc3 Ka7 50. Ra5 Rd5 51. Kc4 Rd2 52. Rxc5 Kxa6 53. Rg5 Kb6 54. Kc3 Rd7 55. Re5 Kc7 56. Re8 h5 57. Kc2 Kc6 58. Kc3 Ra7 59. Kd4 Kd6 60. Re2 Re7 61. Ra2 Re1 62. Kd3 Ke7 63. Kd2 Re6 64. Ra7+ Kf6 65. Kd3 Re1 66. Rb7 Ke6 67. Ra7 f6 68. Ra5 Re5 69. Ra6+ Kf5 70. Kd2 Re8 71. Rb6 Re4 72. Kd3 Re1 73. Ra6 Kg5 74. Rb6 Rg1 75. Rb2 Kh4 76. Rf2 f5 77. Ke3 Kg3 0-1

[Event "Budapest SixDays 09 IM-A"]
[Site "Budapest"]
[Date "2023.09.22"]
[Round "7"]
[White "Karamsetty, Jeevan"]
[Black "Chen, Yining"]
[Result "1/2-1/2"]
[WhiteElo "2247"]
[BlackElo "1891"]
[PlyCount "75"]
[EventDate "2023.09.18"]
[EventType "tourn"]
[EventRounds "9"]
[EventCountry "HUN"]
[SourceTitle "EXT 2024"]
[Source "ChessBase"]
[SourceDate "2023.10.10"]
[SourceVersion "1"]
[SourceVersionDate "2023.10.10"]
[SourceQuality "1"]

1. e4 e5 2. Nf3 Nc6 3. Be2 Nf6 4. d3 d5 5. Nbd2 Bc5 6. 0-0 0-0 7. a3 a5 8. b3 Qe7 9. c3 dxe4 10. dxe4 Bg4 11. Qc2 h6 12. Nc4 Rfd8 13. Be3 Bxf3 14. Bxf3 Rd7 15. b4 Bxe3 16. Nxe3 Qe6 17. Qa4 Rdd8 18. Qb5 Ne7 19. Rfd1 axb4 20. axb4 Rxd1+ 21. Rxd1 b6 22. Nd5 Nexd5 23. exd5 Qd6 24. Qe2 Re8 25. Be4 Nxe4 26. Qxe4 c6 27. c4 cxd5 28. cxd5 Rd8 29. Qc4 Kf8 30. g3 Rd7 31. Qb5 Rd8 32. h4 h5 33. Rc1 g6 34. Rc6 Qxd5 35. Qxb6 Qd1+ 36. Kh2 Qd4 37. Rxg6 fxg6 38. Qf6+ 1/2-1/2

[Event "Budapest SixDays 09 IM-A"]
[Site "Budapest"]
[Date "2023.09.20"]
[Round "5"]
[White "Advaitt, Srikant Koduri"]
[Black "Chen, Yining"]
[Result "1/2-1/2"]
[WhiteElo "2088"]
[BlackElo "1891"]
[PlyCount "61"]
[EventDate "2023.09.18"]
[EventType "tourn"]
[EventRounds "9"]
[EventCountry "HUN"]
[SourceTitle "EXT 2024"]
[Source "ChessBase"]
[SourceDate "2023.10.10"]
[SourceVersion "1"]
[SourceVersionDate "2023.10.10"]
[SourceQuality "1"]

1. d4 d5 2. Nf3 Nf6 3. Bf4 c5 4. c3 Nc6 5. e3 Qb6 6. Qc2 g6 7. Nbd2 Bf5 8. dxc5 Qxc5 9. Qb3 Na5 10. Qa4+ Bd7 11. Nb3 Nxb3 12. Qxb3 Bc6 13. Be2 Bg7 14. Be5 0-0 15. 0-0 e6 16. Rfd1 Rfd8 17. a4 Qe7 18. a5 Bf8 19. Nd4 Nd7 20. Bg3 Nc5 21. Qc2 e5 22. Nxc6 bxc6 23. Bf3 Bg7 24. e4 dxe4 25. Bxe4 Qe6 26. Bf3 e4 27. Be2 Qb3 28. Qxb3 Nxb3 29. Bc7 Rdc8 30. Ra3 Nd4 31. cxd4 1/2-1/2

[Event "Budapest SixDays 09 IM-A"]
[Site "Budapest"]
[Date "2023.09.19"]
[Round "3"]
[White "Chen, Yining"]
[Black "Horvath, David G"]
[Result "0-1"]
[WhiteElo "1891"]
[BlackElo "2334"]
[PlyCount "76"]
[EventDate "2023.09.18"]
[EventType "tourn"]
[EventRounds "9"]
[EventCountry "HUN"]
[SourceTitle "EXT 2024"]
[Source "ChessBase"]
[SourceDate "2023.10.10"]
[SourceVersion "1"]
[SourceVersionDate "2023.10.10"]
[SourceQuality "1"]

1. d4 Nf6 2. c4 e6 3. Nf3 b6 4. a3 Bb7 5. Nc3 d5 6. Bg5 Be7 7. e3 0-0 8. cxd5 exd5 9. Bd3 Nbd7 10. 0-0 c5 11. Rc1 a6 12. Re1 c4 13. Bb1 b5 14. Ne5 Nxe5 15. dxe5 Ne4 16. Nxe4 dxe4 17. Qxd8 Bxd8 18. Bxd8 Rfxd8 19. Red1 Kf8 20. Kf1 Ke7 21. Rd4 Ke6 22. Rcd1 Rd5 23. Bxe4 Rxd4 24. Rxd4 Bxe4 25. Rxe4 Rd8 26. Ke2 Rd3 27. Rd4 Rb3 28. Rd2 Kxe5 29. Rc2 Kd5 30. Kd1 c3 31. bxc3 Rxa3 32. Kd2 Kc4 33. e4 a5 34. e5 Ra1 35. f4 a4 36. Rb2 a3 37. Rb4+ Kc5 38. Rb3 a2 0-1

[Event "Budapest SixDays 09 IM-A"]
[Site "Budapest"]
[Date "2023.09.18"]
[Round "1"]
[White "Chen, Yining"]
[Black "Szalay Ocsak, Bank"]
[Result "1/2-1/2"]
[WhiteElo "1891"]
[BlackElo "2125"]
[PlyCount "46"]
[EventDate "2023.09.18"]
[EventType "tourn"]
[EventRounds "9"]
[EventCountry "HUN"]
[SourceTitle "EXT 2024"]
[Source "ChessBase"]
[SourceDate "2023.10.10"]
[SourceVersion "1"]
[SourceVersionDate "2023.10.10"]
[SourceQuality "1"]

1. d4 Nf6 2. c4 e6 3. Nf3 Bb4+ 4. Nbd2 0-0 5. e3 d5 6. a3 Be7 7. Bd3 b6 8. 0-0 Bb7 9. b4 c5 10. bxc5 bxc5 11. Rb1 Qc7 12. Bb2 Nbd7 13. Qe2 Rac8 14. Rfc1 Qb8 15. cxd5 Nxd5 16. Nc4 N5b6 17. Nxb6 axb6 18. Bb5 Nf6 19. dxc5 Rxc5 20. Rxc5 Bxc5 21. h3 Rd8 22. Rd1 Rxd1+ 23. Qxd1 Qd6 1/2-1/2

[Event "Tianjin Binhai Cup-A 3rd"]
[Site "Tianjin"]
[Date "2023.08.25"]
[Round "9"]
[White "Chen, Yining"]
[Black "Xu, Yuze"]
[Result "1/2-1/2"]
[WhiteElo "1887"]
[BlackElo "2017"]
[PlyCount "64"]
[EventDate "2023.08.20"]
[EventType "swiss"]
[EventRounds "9"]
[EventCountry "CHN"]
[SourceTitle "CBM 215 Extra"]
[Source "ChessBase"]
[SourceDate "2023.09.30"]
[SourceVersion "1"]
[SourceVersionDate "2023.09.30"]
[SourceQuality "1"]

1. d4 Nf6 2. Nf3 e6 3. c4 d5 4. Nc3 c5 5. cxd5 Nxd5 6. e4 Nxc3 7. bxc3 cxd4 8. cxd4 Bb4+ 9. Bd2 Bxd2+ 10. Qxd2 0-0 11. Bc4 Nd7 12. 0-0 Nf6 13. Rfe1 b6 14. Ne5 Bb7 15. f3 Rc8 16. Bb3 b5 17. a4 bxa4 18. Rxa4 a6 19. Rd1 Nd7 20. Nxd7 Qxd7 21. d5 exd5 22. Rd4 Qb5 23. Bxd5 Qb6 24. Qb4 Qxb4 25. Rxb4 Bxd5 26. exd5 Rfd8 27. Rb6 a5 28. d6 Kf8 29. Ra1 Rc5 30. Ra6 Rd5 31. R1xa5 Rxa5 32. Rxa5 Rxd6 1/2-1/2

[Event "Tianjin Binhai Cup-A 3rd"]
[Site "Tianjin"]
[Date "2023.08.24"]
[Round "7"]
[White "Chen, Yining"]
[Black "Wang, Yu A"]
[Result "1-0"]
[WhiteElo "1887"]
[BlackElo "2258"]
[PlyCount "65"]
[EventDate "2023.08.20"]
[EventType "swiss"]
[EventRounds "9"]
[EventCountry "CHN"]
[SourceTitle "CBM 215 Extra"]
[Source "ChessBase"]
[SourceDate "2023.09.30"]
[SourceVersion "1"]
[SourceVersionDate "2023.09.30"]
[SourceQuality "1"]

1. d4 d5 2. c4 c5 3. cxd5 Qxd5 4. Nf3 cxd4 5. Nc3 Qa5 6. Nxd4 Nf6 7. Nb3 Qc7 8. e4 Nc6 9. Be3 e6 10. Bd3 Be7 11. 0-0 h5 12. h3 g5 13. f4 gxf4 14. Nb5 Qd8 15. Bxf4 e5 16. Bg5 Qb6+ 17. Kh1 Nxe4 18. Bxe4 Qxb5 19. Bxe7 Nxe7 20. Rc1 Be6 21. Qf3 f5 22. Bd3 Qd5 23. Qe2 Rc8 24. Bb5+ Nc6 25. Rc5 Qe4 26. Qxe4 fxe4 27. Rxe5 Ke7 28. Rxe4 Nd8 29. Nd4 a6 30. Nf5+ Kf6 31. Nd6+ Kg7 32. Nxc8 axb5 33. Nd6 1-0

[Event "Eastern Asia-ch U16-18 Girls 7th"]
[Site "Hainan"]
[Date "2023.08.04"]
[Round "1"]
[White "Chen, Yining"]
[Black "Amin Erdene, Bayanmunkh"]
[Result "1/2-1/2"]
[WhiteElo "1887"]
[BlackElo "1632"]
[PlyCount "145"]
[EventDate "2023.08.04"]
[EventType "swiss"]
[EventRounds "9"]
[EventCountry "CHN"]
[SourceTitle "EXT 2024"]
[Source "ChessBase"]
[SourceDate "2023.10.10"]
[SourceVersion "1"]
[SourceVersionDate "2023.10.10"]
[SourceQuality "1"]

1. d4 d5 2. c4 e6 3. Nf3 Nf6 4. Nc3 a6 5. cxd5 exd5 6. Bg5 Be6 7. e3 Nbd7 8. Bd3 Bd6 9. Bf4 Qe7 10. 0-0 0-0 11. h3 g6 12. Bxd6 Qxd6 13. Rc1 c6 14. Ng5 Rae8 15. f4 Nb6 16. Qc2 Bc8 17. Rce1 c5 18. Qf2 cxd4 19. exd4 h6 20. Nf3 Qxf4 21. g3 Qd6 22. Kg2 Kg7 23. g4 Nbd7 24. Qg3 Qb4 25. Qf2 b5 26. a3 Qd6 27. Nd2 Bb7 28. Kg1 Rxe1 29. Rxe1 Re8 30. Rxe8 Nxe8 31. Ne2 Nc7 32. Nf3 Ne6 33. Qe3 Nb6 34. h4 Nc4 35. Qc1 Nf8 36. Kf2 Qe6 37. g5 hxg5 38. hxg5 Qg4 39. b3 Nd6 40. Qf4 Qxf4 41. Nxf4 Nd7 42. Ne5 Nxe5 43. dxe5 Ne4+ 44. Bxe4 dxe4 45. Ke3 Kf8 46. e6 Ke7 47. exf7 Kxf7 48. Kd4 Ba8 49. b4 Bb7 50. Kc5 Bc8 51. Kb6 e3 52. Kc7 Bg4 53. Kb6 e2 54. Ng2 Be6 55. Kxa6 Bc4 56. Kb6 Ke6 57. Kc5 Kf5 58. a4 Bd3 59. axb5 Be4 60. Ne1 Kxg5 61. Kd4 Kf4 62. b6 g5 63. b5 g4 64. b7 Bxb7 65. Kd3 Bf3 66. b6 Kg3 67. Ke3 Kh2 68. Nxf3+ gxf3 69. Kf2 e1Q+ 70. Kxe1 Kg1 71. b7 f2+ 72. Kd2 f1Q 73. b8Q 1/2-1/2

[Event "CHN-ch U14 Girls"]
[Site "Shenzhen"]
[Date "2023.08.02"]
[Round "11"]
[White "Chen, Yining"]
[Black "Chen, Jinyan"]
[Result "1-0"]
[WhiteElo "1887"]
[BlackElo "1504"]
[PlyCount "56"]
[EventDate "2023.07.28"]
[EventType "swiss"]
[EventRounds "11"]
[EventCountry "CHN"]
[SourceTitle "CBM 215 Extra"]
[Source "ChessBase"]
[SourceDate "2023.09.30"]
[SourceVersion "1"]
[SourceVersionDate "2023.09.30"]
[SourceQuality "1"]

1. d4 d5 2. c4 e5 3. dxe5 d4 4. Nf3 Nc6 5. a3 Bg4 6. h3 Bxf3 7. exf3 Nxe5 8. f4 Nc6 9. Qd3 a5 10. Be2 g6 11. 0-0 Bg7 12. Nd2 Nf6 13. Bf3 0-0 14. Qb3 Qc8 15. Rd1 a4 16. Qd3 Nd7 17. b4 axb3 18. Nxb3 Na5 19. Bb2 c5 20. Nxa5 Rxa5 21. Bc1 b5 22. Bd2 Ra4 23. Qb3 Qa6 24. cxb5 Qa7 25. Rdc1 Ra8 26. Bxa8 Qxa8 27. b6 Qc6 28. b7 Nb8 1-0

[Event "CHN-ch U14 Girls"]
[Site "Shenzhen"]
[Date "2023.07.30"]
[Round "5"]
[White "Chen, Yining"]
[Black "Wang, Yanhan"]
[Result "1-0"]
[WhiteElo "1887"]
[BlackElo "1552"]
[PlyCount "87"]
[EventDate "2023.07.28"]
[EventType "swiss"]
[EventRounds "11"]
[EventCountry "CHN"]
[SourceTitle "CBM 215 Extra"]
[Source "ChessBase"]
[SourceDate "2023.09.30"]
[SourceVersion "1"]
[SourceVersionDate "2023.09.30"]
[SourceQuality "1"]

1. d4 d5 2. c4 e6 3. Nf3 Nf6 4. Nc3 Be7 5. Bf4 a6 6. e3 0-0 7. c5 c6 8. Bd3 b6 9. b4 a5 10. a3 Ba6 11. 0-0 Ne4 12. Qc2 Bxd3 13. Qxd3 Na6 14. Nxe4 dxe4 15. Qxe4 axb4 16. axb4 Nxb4 17. Rxa8 Qxa8 18. cxb6 Qb7 19. Bc7 Ra8 20. Ne5 Nd5 21. h3 Bf6 22. Rc1 Bxe5 23. Qxe5 Rc8 24. Qd6 Nxb6 25. Bxb6 Qxb6 26. h4 h5 27. Qc5 Qxc5 28. Rxc5 g6 29. Kh2 Kg7 30. Kg3 Kf6 31. Kf4 Rc7 32. f3 Ke7 33. Kg5 Rc8 34. e4 Rd8 35. Rxc6 Rxd4 36. Rc7+ Ke8 37. Kf6 Rd2 38. Rxf7 Rxg2 39. Kxe6 Ra2 40. Kf6 Rg2 41. Re7+ Kd8 42. Re5 Rg3 43. Rd5+ Ke8 44. Rd3 1-0

[Event "CHN-ch U14 Girls"]
[Site "Shenzhen"]
[Date "2023.07.30"]
[Round "6"]
[White "Wang, Hanchen"]
[Black "Chen, Yining"]
[Result "0-1"]
[WhiteElo "1446"]
[BlackElo "1887"]
[PlyCount "138"]
[EventDate "2023.07.28"]
[EventType "swiss"]
[EventRounds "11"]
[EventCountry "CHN"]
[SourceTitle "CBM 215 Extra"]
[Source "ChessBase"]
[SourceDate "2023.09.30"]
[SourceVersion "1"]
[SourceVersionDate "2023.09.30"]
[SourceQuality "1"]

1. Nf3 d5 2. d4 Nf6 3. g3 Bf5 4. Bg2 e6 5. c4 c6 6. Qb3 Qb6 7. c5 Qxb3 8. axb3 Nbd7 9. Bf4 h6 10. Nc3 a6 11. b4 Rc8 12. h4 Ne4 13. Ne5 Nxe5 14. Bxe5 f6 15. Bf4 Nxc3 16. bxc3 Be7 17. Kd2 Kf7 18. f3 g5 19. g4 Bg6 20. hxg5 hxg5 21. Bg3 f5 22. Be5 Bf6 23. Bxf6 Kxf6 24. Rxh8 Rxh8 25. Rh1 Re8 26. e3 Kg7 27. Bf1 e5 28. gxf5 Bxf5 29. Be2 e4 30. fxe4 Bxe4 31. Rg1 Kg6 32. c4 Rh8 33. cxd5 cxd5 34. Ke1 Rh3 35. Kf2 Kf6 36. b5 Rh2+ 37. Ke1 axb5 38. Bxb5 Bf3 39. Bd7 Re2+ 40. Kf1 Rxe3 41. Kf2 Re7 42. Bc8 Be4 43. Ra1 Bf5 44. Bxf5 Kxf5 45. Ra7 Rc7 46. Kf3 Rf7 47. Kg3 Kg6 48. Ra4 Rf4 49. Rb4 Kf5 50. Rxb7 Rxd4 51. Rd7 Rd3+ 52. Kg2 Ke4 53. c6 Rc3 54. Re7+ Kd3 55. Re5 d4 56. Rxg5 Rxc6 57. Re5 Rf6 58. Re8 Kd2 59. Re7 d3 60. Rc7 Re6 61. Kf2 Rf6+ 62. Kg2 Kd1 63. Ra7 Rf5 64. Rc7 d2 65. Re7 Kc2 66. Rc7+ Kd3 67. Rd7+ Ke3 68. Rd8 Rf4 69. Re8+ Re4 0-1

[Event "CHN-ch U14 Girls"]
[Site "Shenzhen"]
[Date "2023.07.28"]
[Round "2"]
[White "He, Yi"]
[Black "Chen, Yining"]
[Result "0-1"]
[WhiteElo "1407"]
[BlackElo "1887"]
[PlyCount "102"]
[EventDate "2023.07.28"]
[EventType "swiss"]
[EventRounds "11"]
[EventCountry "CHN"]
[SourceTitle "CBM 215 Extra"]
[Source "ChessBase"]
[SourceDate "2023.09.30"]
[SourceVersion "1"]
[SourceVersionDate "2023.09.30"]
[SourceQuality "1"]

1. e4 d6 2. d4 Nf6 3. Nc3 e5 4. Nf3 exd4 5. Nxd4 Be7 6. Be2 0-0 7. 0-0 Re8 8. f4 Bf8 9. Bf3 c5 10. Nb3 Nc6 11. Be3 a5 12. a4 Nb4 13. Bf2 Bd7 14. Re1 Bc6 15. Bh4 Be7 16. Bf2 Qc7 17. g3 Rad8 18. Nd5 Nfxd5 19. exd5 Bd7 20. c3 Na6 21. Nd2 f5 22. Nc4 Bf8 23. Qb3 Rxe1+ 24. Rxe1 Re8 25. Kg2 Rxe1 26. Bxe1 Nb8 27. Nb6 Na6 28. Nc4 Be7 29. Bd2 Kf8 30. Ne3 Bd8 31. Be2 Nb8 32. Bd3 g6 33. Bb5 Bxb5 34. Qxb5 Nd7 35. Nd1 Nf6 36. Qd3 Qd7 37. Qc2 Nxd5 38. Ne3 Nxe3+ 39. Bxe3 Qc6+ 40. Kg1 Be7 41. Qb3 Qe4 42. Kf2 Qc6 43. Kg1 d5 44. Qb5 Qxb5 45. axb5 a4 46. Kf2 Ke8 47. Kf3 Kd7 48. g4 Kc7 49. gxf5 gxf5 50. Ke2 Kb6 51. Kd3 Kxb5 0-1